[Event "17th Prague Open 2018"]
[Site "Prague"]
[Date "2018.01.17"]
[Round "7"]
[White "Raahul V S"]
[Black "Kalegin, Evgenij"]
[Result "1-0"]
[WhiteElo "2205"]
[BlackElo "2426"]
[Annotator "TA"]
[PlyCount "67"]
[EventDate "2018.??.??"]
[EventType "swiss"]
[EventCountry "CZE"]
[SourceTitle "playchess.com"]
[Source "ChessBase"]
[SourceQuality "1"]

{[%evp 23,67,28,42,18,14,14,27,13,24,-6,62,-15,-3,-3,0,-158,114,112,117,113,125,95,123,111,125,117,129,121,121,118,128,124,159,137,145,143,145,145,138,144,143,131,150,126,325,317]} 1. c4 e5 2. g3 d6 3. Bg2 g6 4. d4 Nd7 5. Nc3 Bg7 6. Nf3 Ngf6 7. O-O O-O 8. b3 exd4 9. Nxd4 Re8 10. Bb2 Nc5 11. Qc2 c6 12. Rad1 {E67: King's Indian: Fianchetto: 6...Nbd7} Qb6 {LiveBook: 3 Games} (12... Qe7 13. Rfe1 h5 14. b4 Nce4 15. Nxe4 Nxe4 16. Nf3 Bxb2 17. Qxb2 Bg4 18. h3 Bd7 19. e3 Rad8 20. b5 c5 21. Nd2 Ng5 22. Kf1 Nxh3 23. Ne4 g5 24. Nf6+ {1-0 (24) Halkias,S (2571)-Haddouche,M (2505) Riadh 2017}) 13. Rfe1 a5 14. Ba3 {The position is equal.} Ng4 $146 ({Predecessor:} 14... Bd7 15. e3 Rad8 16. Na4 Nxa4 17. bxa4 Qc7 {0-1 (26) Mendez Acosta,A (1956)-Hernandez Leon,A (2282) Santa Cruz de Tenerife 2017}) 15. e3 Ne5 16. Ne4 Bg4 (16... Rd8 $11) 17. Rd2 ({White should try} 17. Nxd6 $14 Bxd1 18. Rxd1) 17... Nxe4 18. Bxe4 Rad8 19. Bxd6 $2 (19. Bb2 $11) 19... c5 $2 (19... Rxd6 $17 {keeps the pressure on.} 20. c5 Rxd4 $1 {[%mdl 512]} 21. cxb6 Rxe4 22. Qxe4 Nf3+ 23. Qxf3 Bxf3) 20. Bxe5 $1 $16 Bxe5 21. Nf3 Bg7 22. Red1 Rxd2 23. Rxd2 Qf6 24. Kg2 Qe7 25. Bd5 Bf5 26. Qc1 g5 27. h4 h6 28. hxg5 hxg5 29. Qh1 Bc3 30. Rd1 g4 {[#] And now ...Be4 would win.} 31. Nh4 $1 {[%cal Rh4f5]} Bh7 32. Kg1 Rd8 33. Ng2 {Threatens to win with Bxf7+!} Be4 $2 (33... Bg6 $16 34. Nf4 Kg7 35. Nxg6 fxg6) 34. Qh5 {Precision: White = 62%, Black = 41%.} 1-0

[Event "17th Prague Open 2018"]
[Site "Prague"]
[Date "2018.01.17"]
[Round "7"]
[White "Makoveev, Ilya"]
[Black "Marjanovic, Annamaria"]
[Result "1-0"]
[WhiteElo "2196"]
[BlackElo "2348"]
[Annotator "TA"]
[PlyCount "115"]
[EventDate "2018.??.??"]
[EventType "swiss"]
[EventCountry "CZE"]
[SourceTitle "playchess.com"]
[Source "ChessBase"]
[SourceQuality "1"]

{[%evp 23,115,6,22,24,28,23,27,12,74,43,49,28,16,24,30,13,19,0,0,9,24,28,40,2,6,0,0,0,1,0,0,-12,0,0,0,0,31,0,0,0,0,0,0,0,0,0,37,33,40,28,354,318,314,323,335,306,513,513,554,547,516,516,608,648,669,669,667,665,612,649,618,567,726,724,673,584,587,584,562,511,962,955,915,852,7000,5176,2016,1945,1666,1609,12844,12844,12843,12841]} 1. e4 c6 2. d4 d5 3. Nc3 dxe4 4. Nxe4 Bf5 5. Ng3 Bg6 6. h4 {[%cal Bh2h4,Bh4h5][%mdl 32]} h6 7. Nf3 Nd7 8. h5 Bh7 9. Bd3 Bxd3 10. Qxd3 e6 11. Bd2 Ngf6 12. O-O-O Bd6 13. Kb1 {B19: Classical Caro-Kann: 4...Bf5 main line} Bc7 14. Rde1 O-O 15. Ne4 {[#] White has an edge.} Nxe4 $146 (15... Re8 $11) ({Predecessor:} 15... Re8 16. g4 Nxg4 17. Rhg1 f5 18. Qb3 Qe7 19. Bb4 Qf7 20. Neg5 hxg5 21. Nxg5 Qxh5 22. Nxe6 {½-½ (32) Shomoev,A (2550)-Riazantsev,A (2659) Sochi 2017}) 16. Qxe4 $16 Nf6 17. Qh4 (17. Qe2 {feels hotter.} Nh7 18. g4 Qf6 19. c3 Rfd8 20. Rhg1) 17... Nd5 18. c4 Qxh4 19. Rxh4 Nf6 20. Bc3 Bd8 21. Rh3 Be7 22. Ne5 Rfd8 23. Kc2 Rac8 24. b3 c5 25. dxc5 Bxc5 26. Nd3 (26. Rf3 {seems wilder.} Bd4 27. g4 Bxe5 28. Rxe5 Nxg4 29. Re4) 26... Bd4 27. a4 {[%cal Ba2a4,Ba4a5][%mdl 32]} a6 28. a5 Bxc3 29. Kxc3 Rd5 30. Re5 Rxe5 31. Nxe5 $11 {[%mdl 4096] Endgame KRN-KRN} Rc5 32. f4 Rxa5 33. g4 Ra2 34. Rd3 {Black must now prevent Rd8+.} Kf8 35. Rd8+ {[%mdl 1024] White has compensation.} Ke7 36. Rb8 Ne4+ $2 {[%mdl 8192]} (36... b5 $1 $11) 37. Kd4 $18 Nd6 38. c5 Nb5+ 39. Kd3 Rb2 $2 (39... f6) 40. Rxb7+ {White is clearly winning.} Ke8 41. Rxf7 Rxb3+ 42. Kc4 Re3 {[#] aiming for ...Rxe5!} 43. Rxg7 Re4+ 44. Kd3 Rxf4 45. Rg8+ Rf8 46. Rg6 Ke7 47. Rxh6 {[#] Hoping for Ng6+.} Rg8 48. Ke3 Nc3 49. Ng6+ Kf6 50. Nf4+ Kf7 51. Rg6 Rc8 (51... Rxg6 $142 52. Nxg6 Nd5+ 53. Kd4 Kg7) 52. Nxe6 Nd5+ 53. Kd4 Nf6 54. Ke5 {White threatens Rg7+ and mate.} Ne8 55. Ng5+ Ke7 56. Ne4 Ra8 57. h6 {White wants to mate with h7.} Kf7 58. Kf5 {Precision: White = 71%, Black = 42%.} 1-0

[Event "17th Prague Open 2018"]
[Site "Prague"]
[Date "2018.01.17"]
[Round "7"]
[White "Solozhenkina, Elizaveta"]
[Black "Moehn, Hans"]
[Result "1/2-1/2"]
[WhiteElo "2190"]
[BlackElo "2378"]
[Annotator "TA"]
[PlyCount "83"]
[EventDate "2018.??.??"]
[EventType "swiss"]
[EventCountry "CZE"]
[SourceTitle "playchess.com"]
[Source "ChessBase"]
[SourceQuality "1"]

{[%evp 20,83,33,13,44,16,16,16,16,16,15,16,16,12,16,21,33,29,33,0,0,0,0,0,0,0,0,0,0,0,0,0,0,0,0,0,0,0,0,0,0,0,0,0,0,0,0,0,0,0,0,0,0,0,0,0,0,0,0,0,0,0,0,0,0,0]} 1. d4 Nf6 2. Nf3 g6 3. g3 b6 4. Bg2 Bb7 5. O-O c5 6. c4 cxd4 7. Nxd4 Bxg2 8. Kxg2 Bg7 9. Nc3 Qc8 10. b3 Qb7+ {A30: Symmetrical English: Double Fianchetto and Hedgehog} 11. Kg1 {LiveBook: 8 Games} h5 (11... O-O 12. Bb2 Rd8 13. Nf3 Na6 14. Nd5 Nxd5 15. Bxg7 Ne3 16. Qd2 Kxg7 17. Qxe3 d5 18. Rac1 Nc5 19. h4 h5 20. b4 {½-½ (48) Radjabov,T (2724)-Vachier Lagrave,M (2762) Dubai 2014}) 12. h4 d5 $146 ({Predecessor:} 12... Ne4 13. Nxe4 Qxe4 14. Be3 Nc6 15. Nxc6 dxc6 16. Rc1 Be5 17. Qd3 Qxd3 18. exd3 {½-½ (37) Knezevic,M (2140)-Jovanovic,S (2280) Belgrade 2014}) 13. cxd5 Nxd5 14. Nxd5 Qxd5 15. Be3 O-O 16. Rc1 Qb7 17. Qc2 Na6 18. Qc6 Rab8 19. a3 Nc5 {The position is equal.} 20. b4 Bxd4 21. Qxb7 Rxb7 22. Bxd4 Nb3 23. Rcd1 Nxd4 24. Rxd4 $11 {[%mdl 4096] Endgame KRR-KRR} Rc8 25. Rfd1 Kg7 26. R1d3 b5 27. Kg2 a6 28. e4 Kf6 29. Kf3 Rc2 30. Rd8 Rbc7 31. Ra8 R7c6 32. Ra7 R2c3 33. Ke2 Rc2+ 34. Kf1 Re6 35. Re3 Rcc6 36. Kg2 Kg7 37. e5 Rc2 38. Kg1 Kf8 39. Ra8+ Kg7 40. Ra7 Kf8 41. Ra8+ Kg7 42. Ra7 {Precision: White = 73%, Black = 81%.} 1/2-1/2

[Event "17th Prague Open 2018"]
[Site "Prague"]
[Date "2018.01.17"]
[Round "7"]
[White "Utiatskaja, Irina"]
[Black "Neuman, Petr"]
[Result "1/2-1/2"]
[WhiteElo "2164"]
[BlackElo "2452"]
[Annotator "TA"]
[PlyCount "154"]
[EventDate "2018.??.??"]
[EventType "swiss"]
[EventCountry "CZE"]
[SourceTitle "playchess.com"]
[Source "ChessBase"]
[SourceQuality "1"]

{[%evp 20,154,12,11,11,-2,-12,-57,-56,-71,-64,-85,-88,-86,-84,-83,-85,-83,-26,-38,-20,-18,-22,-41,-14,-18,3,-7,0,6,1,-4,0,0,0,0,0,-23,0,-6,0,-13,-13,-10,-13,-88,-88,-88,-88,-98,-72,-72,-72,-72,-72,-72,-72,-72,-72,-116,-81,-116,-116,-123,-116,-123,-116,-116,-116,-35,0,-116,-116,-116,-116,-116,-116,-116,-116,-116,-116,-116,-116,-116,-116,-116,-116,-116,-116,-116,-116,-116,-116,-116,-116,-116,-116,-116,-116,-116,-29,-116,-29,-29,0,-115,-115,-116,0,-116,-116,-116,-116,-116,0,0,0,0,0,0,0,0,0,0,0,0,0,0,0,0,0,0,0,0,0,0,0]} 1. d4 Nf6 2. c4 g6 3. Nc3 d5 4. e3 Bg7 5. Nf3 O-O 6. cxd5 Nxd5 7. Bc4 Nxc3 8. bxc3 c5 9. O-O Qc7 10. Qe2 b6 11. e4 {LiveBook: 3 Games. D94: Grünfeld: 4 Nf3 Bg7 5 e3} (11. Bb2 Nc6 12. Rfd1 Bg4 13. Rac1 Na5 14. Bd3 Rac8 15. h3 Be6 16. Ba3 Rfd8 17. e4 Bd7 18. d5 Ba4 {½-½ (52) Frolyanov,D (2566)-Artemiev,V (2660) Kaliningrad 2015}) 11... Nc6 {[%cal Rc5d4]} 12. Bb2 Bg4 13. Bd5 $146 ({Predecessor:} 13. Rac1 e6 14. e5 Rfd8 15. h3 Bxf3 16. Qxf3 Bh6 17. Rc2 cxd4 18. cxd4 Nb4 {½-½ (51) Sjodell,U (2020)-Steingrimsson,H (2410) Gausdal 1994}) 13... e6 14. Bxc6 $1 Qxc6 15. Qe3 Bxf3 16. Qxf3 Qb5 17. Rfb1 Rfd8 18. e5 Rac8 (18... Qa4 $17) 19. Bc1 $11 Qc6 (19... Qc4 {is interesting.} 20. Bg5 Rd7 21. Rc1 Rdc7 22. Rd1 h6) 20. Qxc6 Rxc6 21. Bg5 Rdc8 22. a4 a6 23. Be3 Bf8 24. g3 cxd4 25. Bxd4 Bc5 26. Bxc5 Rxc5 27. Rxb6 {[%mdl 4096] Endgame KRR-KRR} Ra5 28. Kg2 Kg7 29. Rd1 Rxc3 30. Rd7 {aiming for Rbb7.} Rxe5 {Black wants to play ...Rc2.} 31. Rxa6 Rc2 {...Rf5 is the strong threat.} 32. Rd1 (32. Rd3 $1 $11) 32... Ra2 $17 33. Ra8 g5 34. h3 Ree2 35. Rf1 Re4 36. a5 Rea4 37. Rb1 Rxa5 38. Rxa5 Rxa5 {KR-KR} 39. Rb7 h5 40. g4 h4 41. Rc7 Kg6 42. Rb7 f5 43. gxf5+ exf5 44. Rb6+ (44. Rb8 $17) 44... Kf7 {[#]} 45. Rb7+ (45. f4 $1 $11 {[%mdl 512]}) 45... Kf6 46. Rb6+ Ke5 47. Rg6 Kf4 48. Rh6 Re5 49. Rh8 Re7 50. Rh6 Re8 51. Rh7 Rg8 52. Rh5 Ke4 53. Rh7 Ke5 54. Rh6 Rg7 55. Kh2 Ra7 56. Kg2 Ra4 57. Rh5 Kf6 58. Rh8 Kg7 59. Rb8 Ra6 (59... Kf7 $17 60. Rb6 Rc4) 60. Rc8 (60. Rb5 $11) 60... Kg6 (60... Rd6 $17 61. Rc2 Kf6) 61. Rg8+ $11 Kh6 62. Rf8 (62. Rh8+ $11 {remains equal.} Kg7 63. Rh5) 62... Ra5 $17 63. Rg8 Ra4 ({Black should play} 63... Ra2 $17 64. Rb8 Rd2 65. Rb6+ Kg7) 64. Rf8 {[#]} (64. Rh8+ $1 $11 {was the only way to keep the balance.} Kg6 65. Kf3) 64... Rf4 $1 65. Rf6+ Kg7 66. Ra6 g4 ({Black should try} 66... Rc4 $17 67. Kf3 Rc3+ 68. Kg2 Rc4) 67. Rb6 $11 {The position is equal.} Re4 68. Ra6 Kh7 69. Rf6 Rf4 70. Ra6 Rc4 71. Rf6 Rc5 72. Ra6 Kg7 73. Rb6 Rc2 {Threatens to win with ...g3.} 74. hxg4 fxg4 75. Rb4 g3 76. Rxh4 Rxf2+ 77. Kxg3 Rf6 {Precision: White = 58%, Black = 54%.} 1/2-1/2

[Event "17th Prague Open 2018"]
[Site "Prague"]
[Date "2018.01.17"]
[Round "7"]
[White "Lee, Jun Wei"]
[Black "Jablonicky, Martin"]
[Result "1/2-1/2"]
[WhiteElo "2064"]
[BlackElo "2330"]
[Annotator "TA"]
[PlyCount "79"]
[EventDate "2018.??.??"]
[EventType "swiss"]
[EventCountry "CZE"]
[SourceTitle "playchess.com"]
[Source "ChessBase"]
[SourceQuality "1"]

{[%evp 20,79,79,68,115,131,106,92,100,46,59,56,68,69,66,63,120,135,135,129,111,136,147,154,170,124,121,104,115,83,90,66,135,135,207,220,214,200,214,0,169,0,181,154,164,158,154,152,192,162,177,154,143,0,174,0,147,0,164,0,130,0]} 1. d4 g6 2. c4 Nf6 3. Nc3 Bg7 4. e4 d6 5. h3 O-O 6. Bg5 Na6 7. Bd3 c5 8. d5 e6 9. Nf3 exd5 10. cxd5 Re8 {A65: Modern Benoni: 6 e4} (10... h6 11. Be3 b5 12. O-O c4 13. Bc2 b4 14. Ne2 Re8 15. Ng3 Bd7 16. Rc1 Qa5 17. Bb1 Rac8 18. Nd4 {1-0 (54) Peralta,F (2596)-Grigoryan,K (2592) Barbera del Valles 2014}) 11. O-O {LiveBook: 4 Games} Rb8 12. Re1 Nc7 {White is clearly better.} 13. a3 b5 $146 ({Find the theoretical novelty and annotate with similar games:} 13... h6 14. Bh4 g5 15. Bg3 Nh5 16. Bh2 g4 17. hxg4 Bxg4 {½-½ (42) Zhemchuzhina,E (1857)-Movldiev,I (2047) St Petersburg 2015}) 14. b4 (14. Qd2 $16) 14... h6 $14 15. Bd2 Nd7 16. Rc1 c4 17. Bb1 Ra8 (17... a5 $14) 18. Be3 $16 a5 19. Nd4 axb4 20. axb4 Ba6 21. Qd2 Qh4 22. Nce2 Kh7 23. Bf4 Qf6 24. Bg3 Bb7 25. f4 Ra3 (25... Ra1 $14) 26. Bf2 Raa8 (26... Ra4 $16) 27. Nc3 $18 Ba6 28. Nc6 Bb7 29. Nd4 Ba6 30. Nc6 {g3 is the strong threat.} Bb7 31. Bd4 Qh4 32. Bxg7 Kxg7 33. Nd4 Ba6 34. Rcd1 Qf6 35. Nf3 Bb7 36. Nd4 Ba6 $1 37. Nf3 Bb7 38. Nd4 Ba6 $1 39. Nf3 Bb7 40. Nd4 {Precision: White = 29%, Black = 52%.} (40. Bc2 $16) 1/2-1/2

[Event "17th Prague Open 2018"]
[Site "Prague"]
[Date "2018.01.18"]
[Round "8"]
[White "Pena Gomez, Manuel"]
[Black "Akshat, Khamparia"]
[Result "1/2-1/2"]
[WhiteElo "2491"]
[BlackElo "2381"]
[Annotator "TA"]
[PlyCount "173"]
[EventDate "2018.??.??"]
[EventType "swiss"]
[EventCountry "CZE"]
[SourceTitle "playchess.com"]
[Source "ChessBase"]
[SourceQuality "1"]

{[%evp 18,173,33,33,27,24,39,53,52,32,58,64,82,77,93,42,59,54,53,50,60,58,58,47,35,36,41,36,82,13,0,0,0,0,0,-64,-64,-100,-97,-85,-67,-67,-76,-67,-78,-77,-64,-64,-71,-72,-58,-72,-5,-44,62,8,8,8,8,8,8,8,8,27,25,0,0,0,8,0,0,0,0,0,0,0,0,0,0,0,0,0,4,4,8,0,8,0,0,0,0,0,6,6,8,8,8,8,8,8,8,0,0,0,8,0,0,0,0,0,0,0,0,0,0,0,0,0,0,0,0,0,0,0,0,0,0,0,0,0,0,0,0,0,6,6,6,0,0,0,0,0,0,0,0,0,0,0,0,0,0,0,0,0,0,0,0,0]} 1. g3 Nf6 2. Bg2 g6 3. c4 Bg7 4. Nc3 O-O 5. e4 d6 6. Nge2 c5 7. O-O Nc6 8. d3 {[%cal Bd2d3,Bd3d4][%mdl 32]} Bd7 9. h3 Qc8 10. Kh2 {LiveBook: 4 Games. A36: Symmetrical English vs ...g6: 4 Bg2 Bg7} Ne8 (10... Re8 11. Be3 Ne5 12. b3 a6 13. Rc1 b5 14. Nd5 bxc4 15. dxc4 Bc6 16. Nec3 Qb7 17. Bg5 Ned7 {0-1 (31) Eichhorn,A (2318)-Neumeier,L (2320) Germany 2015}) 11. Be3 Nc7 12. d4 {White is slightly better.} b6 13. f4 Re8 $146 ({Predecessor:} 13... Rb8 14. Rc1 a6 15. Qd2 Rd8 16. b3 Na5 17. Nd5 Nc6 {1-0 (32) Tataev,M-Timofeev,V Kaluga 1970}) 14. Rc1 Rb8 15. b3 e5 16. fxe5 (16. dxe5 $16 dxe5 17. Qd2) 16... cxd4 $14 17. Nxd4 Nxd4 18. Qxd4 Bxe5 19. Qd2 Qd8 20. Bg5 f6 21. Bf4 Qe7 22. Rcd1 Rbd8 23. Nd5 ({White should play} 23. Bxe5 $16 dxe5 24. Qd6 Qxd6 25. Rxd6) 23... Nxd5 $11 24. Qxd5+ Be6 25. Qd2 g5 26. Be3 (26. Qf2 $11) 26... h5 $1 $15 27. Bf2 h4 $1 28. Qd3 Kg7 29. Kg1 hxg3 30. Bxg3 Rh8 31. Qe3 Rh6 32. Rd3 Rdh8 33. Rf3 Kg6 34. Qf2 g4 (34... Re8 $17) 35. hxg4 Qh7 (35... Bxg4 $15 36. Rfe3 Kf7) 36. Kf1 (36. Bxe5 $2 {[#] gets mated.} Rh1+ $1 {[%mdl 512]} 37. Bxh1 Qxh1#) (36. Qd2 $1 $14) 36... Bxg4 $11 37. Bxe5 Rh1+ $1 38. Bxh1 Qxh1+ 39. Qg1 Qxg1+ 40. Kxg1 Bxf3 41. Bxf6 Bxe4 {The position is equal.} 42. Rxd6 {[%mdl 4096] Endgame KRB-KRB} Rh1+ 43. Kf2 Kf5 44. Bd4 Rh2+ 45. Ke3 {[#] Rf6+ is the strong threat.} Rh3+ 46. Ke2 Bb1 47. Rd7 Bxa2 48. Rxa7 Bxb3 49. Rc7 Rh2+ 50. Kd3 Rc2 51. Bc3 Rg2 52. Rf7+ Ke6 53. Rf3 Kd7 54. Bd4 Rg6 55. Kc3 Bd1 56. Rd3 Be2 57. Rd2 Bf1 58. Bxb6+ Kc6 59. Bd4 Rg3+ 60. Kb4 Rd3 61. Rf2 Rxd4 62. Rxf1 {KR-KR} Rd6 63. Ra1 {aiming for Ra6+.} Kb7 64. Kc5 (64. Rg1 {is interesting.} Kc6 65. c5 Rd4+ 66. Kc3 Rh4 67. Rg6+) 64... Rh6 (64... Rg6 {keeps more tension.} 65. Rb1+ Kc7 66. Ra1 Rc6+ 67. Kd4 Rd6+) 65. Rg1 Rh5+ 66. Kb4 Kb6 67. Rg6+ Kc7 68. Rf6 Rg5 69. Rh6 Rf5 70. Ra6 Rh5 71. Ra7+ Kb6 72. Ra8 Rg5 73. Rb8+ Kc6 74. Rd8 Rh5 75. Rg8 Kb6 76. Rg4 Kc6 77. c5 Rh6 78. Kc4 Rf6 79. Kd4 Rh6 80. Rf4 Re6 81. Rf8 Rh6 82. Rc8+ Kb7 83. Rd8 Kc6 84. Rc8+ Kb7 85. Re8 Kc6 86. Re4 Rf6 87. Rg4 {Precision: White = 53%, Black = 68%.} 1/2-1/2

[Event "17th Prague Open 2018"]
[Site "Prague"]
[Date "2018.01.18"]
[Round "8"]
[White "Jurcik, Marian"]
[Black "Mihajlov, Sebastian"]
[Result "1-0"]
[WhiteElo "2460"]
[BlackElo "2371"]
[Annotator "TA"]
[PlyCount "79"]
[EventDate "2018.??.??"]
[EventType "swiss"]
[EventCountry "CZE"]
[SourceTitle "playchess.com"]
[Source "ChessBase"]
[SourceQuality "1"]

{[%evp 18,79,34,21,26,17,20,20,25,20,40,43,48,44,70,55,65,41,39,0,8,17,72,72,68,39,79,75,82,93,141,125,106,119,131,129,164,152,199,204,184,191,197,193,252,245,340,314,331,313,457,445,484,454,12821,12759,12833,12834,6818,2470,12835,12835,12830,6203]} 1. e4 c6 2. d4 d5 3. exd5 cxd5 4. Bd3 Nc6 5. c3 Nf6 6. h3 g6 {[%cal Bg7g6,Bg6g5][%mdl 32]} 7. Bf4 Bg7 8. Nf3 O-O 9. O-O Bf5 10. Be2 {LiveBook: 3 Games. B13: Caro-Kann: Exchange Variation and Panov-Botvinnik Attack} h6 (10... Nh5 11. Be3 Qc7 12. Re1 Rad8 13. Na3 Nf4 14. Bf1 a6 {1-0 (31) Caruana,F (2807)-Navara,D (2737) Saint Louis 2017}) 11. Nbd2 g5 12. Bh2 {The position is equal.} e6 $146 ({Predecessor:} 12... a6 13. Qb3 b5 14. a4 b4 15. cxb4 Ne4 16. Rfd1 Qb6 17. a5 Qxb4 18. Qxd5 Nxd4 19. Nxd4 Qxd4 20. Qxf5 Nxd2 {1-0 (25) Suarez,R (1704)-Balmelle,J (1732) IECG email 2006}) 13. Ne5 Nd7 14. Nxd7 Qxd7 15. f4 f6 16. Nb3 b6 17. Bd3 Ne7 18. Qe2 Bxd3 19. Qxd3 Nf5 (19... gxf4 $1 $11 {keeps the balance.} 20. Rxf4 e5) 20. Rae1 $16 Rae8 21. Nd2 Re7 22. g4 Nd6 23. f5 exf5 {Threatens to win with ...f4.} 24. Bxd6 Qxd6 25. Rxe7 Qxe7 26. Rxf5 Qe1+ {[#]} 27. Nf1 $1 Qa1 28. Qb5 (28. Rxd5 Qxb2 29. Qg6 Qxa2 $11) 28... Qxa2 29. Qxd5+ Qxd5 30. Rxd5 $18 {[%mdl 4096] Endgame KRB-KRN} Rf7 (30... Re8 $142 31. Rd7 Re2) 31. Ne3 Kh7 32. Nf5 Kg6 33. Rd8 h5 (33... Rf8 {was worth a try.} 34. Rd6 Ra8) 34. Kg2 {White is clearly winning.} hxg4 35. hxg4 Rc7 (35... Bf8 $142 36. d5 Be7) 36. Rg8 Kh7 37. Rxg7+ Rxg7 38. Nxg7 Kxg7 39. Kf3 Kg6 {[#]} 40. Ke4 $1 {Precision: White = 83%, Black = 32%.} 1-0

[Event "17th Prague Open 2018"]
[Site "Prague"]
[Date "2018.01.18"]
[Round "8"]
[White "Neuman, Petr"]
[Black "Fedorov, Evgueny"]
[Result "1-0"]
[WhiteElo "2452"]
[BlackElo "2241"]
[Annotator "TA"]
[PlyCount "115"]
[EventDate "2018.??.??"]
[EventType "swiss"]
[EventCountry "CZE"]
[SourceTitle "playchess.com"]
[Source "ChessBase"]
[SourceQuality "1"]

{[%evp 29,115,31,43,-64,-51,-70,-12,-18,-12,-9,-12,-29,52,0,18,46,113,123,118,113,156,50,119,49,80,-33,-50,-56,94,-108,-118,-237,-235,-224,-160,-150,-153,-156,-118,-79,64,60,70,60,69,70,56,75,220,214,227,175,159,154,179,174,176,175,175,178,167,159,177,166,159,179,199,189,179,189,189,189,188,172,172,113,6386,10704,5501,5469,29965,29967,29970,29971,29976,29977,29977,29978]} 1. c4 Nf6 2. Nc3 c5 3. g3 e6 4. Nf3 b6 5. Bg2 Bb7 6. O-O d6 7. Re1 Be7 8. e4 a6 9. d4 cxd4 10. Nxd4 Qc7 11. Be3 Nbd7 12. Rc1 O-O 13. f4 Rac8 14. g4 Nc5 {A30: Symmetrical English: Double Fianchetto and Hedgehog} 15. Bf2 g6 {LiveBook: 37 Games} 16. g5 ({Better is} 16. f5 $14) (16. b4 Ncd7 17. f5 gxf5 18. gxf5 e5 19. Nde2 Kh8 20. Nd5 Nxd5 21. exd5 Rg8 22. Ng3 {1-0 (50) Jumabayev,R (2613)-Marin,M (2576) Almaty 2016}) 16... Nh5 $15 {Black is slightly better.} 17. Nde2 e5 $146 (17... f5 $15 18. gxf6 Bxf6) ({Predecessor:} 17... d5 18. exd5 Nxf4 19. Nxf4 Qxf4 20. b4 Bxg5 21. bxc5 Qxc1 22. Qxc1 Bxc1 23. Rxc1 bxc5 {1-0 (59) Sandstrom,L (2360)-Berkell,P (2310) Sweden 2003}) 18. Nd5 Bxd5 19. cxd5 Qd8 20. h4 exf4 (20... Nxf4 $11 21. Nxf4 exf4) 21. Bf3 (21. Nd4 $1 $14) 21... Ng7 (21... Bxg5 $5 22. hxg5 Qxg5+ 23. Kh2 Nf6 $11) 22. Nd4 {Strongly threatening Nc6.} ({Much weaker is} 22. Nxf4 f6 $15) 22... Bxg5 (22... a5 $14) 23. hxg5 $16 Qxg5+ 24. Kf1 Rce8 25. Qd2 (25. b4 $16 Nd7 26. Rc6) 25... h5 ({Black should try} 25... Qh6 $14) 26. Bg2 (26. Nc6 $16) 26... Qh6 27. e5 (27. b4 $16 Nd7 28. Rc7) 27... dxe5 $15 28. Nc6 Nf5 (28... e4 $1 $15 29. Bxc5 e3) 29. Bh3 $2 ({Wrong is} 29. Rxe5 $2 Ne3+ 30. Bxe3 fxe3 $19) (29. Nxe5 $16 {Black must now prevent b4.} h4 30. b4) 29... e4 $1 $17 {[%cal Re4e3]} 30. Bxf5 (30. Bxc5 $17 {was the only chance.} Ng3+ 31. Kg1 bxc5 32. d6) 30... e3 $19 31. Qd4 gxf5 32. Bh4 Re4 33. Qf6 Qxf6 34. Bxf6 {Threatening Ke2.} Nd3 ({Black should play} 34... Nd7 $17 35. Bd4 f6) 35. Ke2 $14 Nxc1+ 36. Rxc1 Kh7 $1 {Hoping for ...Rg8.} 37. Rg1 {[#]} f3+ $1 38. Kxf3 Rg8 (38... e2 $16 {was called for.} 39. Re1 Rfe8) 39. Rxg8 $18 Kxg8 40. d6 {White threatens d7 and mate.} e2 41. Bc3 e1=Q 42. Bxe1 Rxe1 {[%mdl 4096] Endgame KR-KN} 43. d7 Rd1 44. d8=Q+ Rxd8 45. Nxd8 {KN-KP} Kg7 46. Nc6 $1 Kf6 {[#]} 47. Nb8 $1 Ke5 48. Nxa6 h4 49. Nb4 Kd4 50. Nc2+ Kd3 51. Ne3 h3 {[#] And now ...h2 would win.} 52. Nd5 $1 {[%cal Rd5b6]} ({But not} 52. Nxf5 $6 Kc2 $16) 52... b5 $2 {[%mdl 8192]} (52... f4 $16 53. Nxf4+ Kc2) 53. b3 Kd4 54. Nc7 Kc5 55. Kg3 {White mates.} Kc6 {[#]} 56. Nxb5 $1 {[%mdl 512]} Kxb5 57. Kxh3 Kc5 58. Kg3 {Precision: White = 42%, Black = 23%.} 1-0